Les poissons frais les plus consommés en France - Statistiques

Statistiques générales
  • Ce quiz a été pris 369 fois
  • Le résultat moyen est 6 sur 10
Statistiques - réponses
Place dans le classement Poisson % Correct
1 Saumon
97%
2 Cabillaud
73%
6 Truite
73%
3 Merlu
61%
8 Bar
59%
5 Dorade
49%
4 Lieu noir
44%
9 Lotte
39%
10 Raie
37%
7 Merlan
36%
Aucun quiz correspondant
Distribution des résultats
% des personnes avec chaque résultat
Percentile par nombre de réponses
Votre historique - résultats
Vous n’avez pas pris ce quiz